MARC

LEADER 00000nam0a2200000 4500
001 262336
005 20231101233637.0
035 |a (RuTPU)RU\TPU\book\285319 
090 |a 262336 
100 |a 20140530d1988 k y0rusy50 ca 
101 0 |a rus 
102 |a RU 
105 |a y z 000zy 
200 1 |a Практикум по психодиагностике  |e психодиагностические материалы  |f Московский государственный университет им. М. В. Ломоносова (МГУ) ; под ред. А. А. Бодалева 
210 |a Москва  |c Изд-во Московского ун-та  |d 1988 
215 |a 141 с. 
606 1 |a Психологическая диагностика  |2 stltpush  |3 (RuTPU)RU\TPU\subj\53119  |9 71469 
610 1 |a практикумы 
610 1 |a тесты 
610 1 |a умственное развитие 
610 1 |a мотивация 
610 1 |a отношения 
610 1 |a субъективный контроль 
686 |a Ю93  |v LBC/SL-A  |2 rubbk 
702 1 |a Бодалев  |b А. А.  |4 340 
712 0 2 |a Московский государственный университет им. М. В. Ломоносова (МГУ)  |2 stltpush  |3 (RuTPU)RU\TPU\col\7 
801 1 |a RU  |b 63413507  |c 20140530 
801 2 |a RU  |b 63413507  |c 20150312  |g RCR 
942 |c BK